Statistical methods in the examples

Gespeichert in:
Bibliographische Detailangaben
1. Verfasser: Andrejkovič, Marek
Körperschaft: Szkoła Wyższa im. Bogdana Jańskiego
Weitere Verfasser: Hajduová, Zuzana, 1974-, Hronec, Ondrej, Berežný, Štefan, Owczarka, Tomasz, Mietlewski, Zygmunt
Format: Buch
Sprache:Slowakisch
Englisch
Veröffentlicht: Warszawa Wydawnictwo Szkoły Wyższej im. Bogdana Jańskiego 2012
Ausgabe:1. vyd.
Schlagworte:
Tags: Tag hinzufügen
Keine Tags, Fügen Sie das erste Tag hinzu!

MARC

LEADER 00000nam a2200000 4500
001 0164591
005 20240502083404.4
020 |a 978-83-87897-70-3 
041 0 |a slo 
041 0 |a eng 
044 |a PL 
245 1 0 |a Statistical methods in the examples  |c Marek Andrejkovič, Zuzana Hajduová 
250 |a 1. vyd. 
264 1 |a Warszawa  |b Wydawnictwo Szkoły Wyższej im. Bogdana Jańskiego  |c 2012 
300 |a 138 s. [10,14 AH] 
610 2 0 |a metódy štatistické 
610 2 0 |a korelácia 
610 2 0 |a odhady 
610 2 0 |a testovanie hypotéz 
610 2 0 |a regresia 
100 1 |a Andrejkovič, Marek 
700 1 |a Hajduová, Zuzana, 1974- 
700 1 |a Hronec, Ondrej 
700 1 |a Berežný, Štefan 
700 1 |a Owczarka, Tomasz 
700 1 |a Mietlewski, Zygmunt 
710 2 |a Szkoła Wyższa im. Bogdana Jańskiego